UBT Library

NURSING DIAGNOSIS (Record no. 58367)

000 -LEADER
fixed length control field 00327nam a22001457a 4500
008 - FIXED-LENGTH DATA ELEMENTS--GENERAL INFORMATION
fixed length control field 221006b ||||| |||| 00| 0 eng d
020 ## - INTERNATIONAL STANDARD BOOK NUMBER
International Standard Book Number 9781496338419
041 ## - LANGUAGE CODE
Language code of text/sound track or separate title eng
080 ## - UNIVERSAL DECIMAL CLASSIFICATION NUMBER
Edition identifier 15th edition
Universal Decimal Classification number 610.73
082 ## - DEWEY DECIMAL CLASSIFICATION NUMBER
Classification number 610.73 JUA
100 ## - Rafti
Rafti 6
101 ## - Shkurtesa
Shkurtesa INF
245 ## - TITLE STATEMENT
Title NURSING DIAGNOSIS
Statement of responsibility, etc JUALL L
942 ## - ADDED ENTRY ELEMENTS (KOHA)
Source of classification or shelving scheme
Item type Books
Holdings
Withdrawn status Lost status Source of classification or shelving scheme Damaged status Not for loan Collection code Permanent location Current location Date acquired Total Checkouts Full call number Barcode Date last seen Price effective from Koha item type
          Koleksioni i përgjithshem UBT - Lipjan UBT - Lipjan 10/06/2022   610.73 JUA 002-80002870096 10/06/2022 10/06/2022 Books
          Koleksioni i përgjithshem UBT - Lipjan UBT - Lipjan 11/15/2022   610.73 JUA 002-800028700260680 11/15/2022 11/15/2022 Books
          Koleksioni i përgjithshem UBT - Lipjan UBT - Lipjan 11/16/2022   610.73 JUA 002-800028700260685 11/16/2022 11/16/2022 Books
UBT Library © 2015-2024. All rights reserved University Education for Business and Technology